Михаил Арнаудов в кабинета си (Запис номер 341534)
[ съкратено ]
| 000 -Лидер | |
|---|---|
| Контролно поле с фиксирана дължина | 01327nam a2200349 c 4500 |
| 003 - Код на организацията, давaща контролен номер | |
| Контролно поле | BLK |
| 005 - Дата и час на последна редакция | |
| Контролно поле | 20191024133506.0 |
| 008 - Елементи от данни с фиксирана дължина | |
| fixed length control field | 180911b bul|||||r ||||||| ||bul|| |
| 040 ## - Източник на каталожния запис | |
| Идентификатор на билиотеката - собственик на записа | BLK |
| 041 ## - Код за език | |
| Код за езика на текст/звукозапис или на отделно заглавие | Български |
| Код за езика КДБФ | Български |
| 080 ## - УДК | |
| УДК - код + определител | 77.041.5 |
| 080 ## - УДК | |
| УДК - код + определител | 929 Арнаудов, Михаил Петров |
| Текстов определител УДК | Български фолклорист, литературен историк, етнограф |
| УДК код - определител по УДК | 929 Арнаудов, Михаил Петров |
| 245 ## - Сведения за заглавието | |
| Заглавие | Михаил Арнаудов в кабинета си |
| 300 ## - Физическа характеристика | |
| Размери/Мащаб | 13 Х 18 см |
| 380 ## - Жанр | |
| Жанр | Изкуство |
| 490 ## - СЕРИИ (Колекции) | |
| Име на серия | Частна колекция - Академик Михаил Арнаудов |
| Бележки за серията | Дарение - Основен фонд |
| 505 ## - Форматирана забележка | |
| Заглавие | На гърба на снимката надпис от фотографа: На акад. проф. Михаил Арнаудов сърдечен спомен - от (фотографа) Ст. Лазаров София, 16. І. 72 ( София, 9. І. 72) - Оригинал |
| 852 ## - Местоположение | |
| Форматна сигнатура | МА 5045 |
| 999 ## - СИСТЕМНИ КОНТРОЛНИ НОМЕРА | |
| Koha biblionumber | 341534 |
| Koha biblioitemnumber | 341534 |
| 942 ## - АРТИКУЛИ | |
| Вид на библиотечния материал | Фотографии (фотографски изображения, снимки) |
| Скрит в OPAC | Не |
| Периодичен библиозапис | Да |
| 999 ## - СИСТЕМНИ КОНТРОЛНИ НОМЕРА | |
| Koha biblioitemnumber | 341534 |
| Код за отписване | Код за изгубен артикул | Източник на класификационната схема | Код за повреда | Код за отдаване | Артикулен № | Име на библиотеката - собственик | Име на библиотеката, в която се намира в момента | Статус (Текущо местоположение) | Дата на вписване в системата | Местоположение - отдел | Цена в лева | Систематично азбучна сигнатура | Баркод | Цена в евро | Служебен тип на артикула |
|---|---|---|---|---|---|---|---|---|---|---|---|---|---|---|---|
| Не е изгубен | Universal Decimal Classification | Не е повреден | Специални фондове ( старопечатни, редки и ценни, фонд М. Арнаудов) | 748258 | Регионална библиотека "Любен Каравелов" Русе | Регионална библиотека "Любен Каравелов" Русе | Фонд "Михаил Арнаудов" | 2019-10-30 | Фонд "Михаил Арнаудов" | 4.00 | МА 5045 | 120000837221 | 2.05 | Фотографии (фотографски изображения, снимки) |